[Event "XXVIII Torneo Magistral Internacional de Elgoibar"]
[Site "Elgoibar"]
[Date "2018.12.17"]
[Round "8.5"]
[White "Strikovic, Aleksa"]
[Black "Oratovsky, Michael"]
[Result "1/2-1/2"]
[WhiteTitle "GM"]
[BlackTitle "GM"]
[WhiteFideId "900150"]
[BlackFideId "2802090"]
[WhiteElo "2488"]
[BlackElo "2464"]

1. Nf3 {[%emt 21:18:22]} c5 {[%emt 00:02:45]} 2. c4 {[%emt 00:00:17]} Nc6
{[%emt 00:00:10]} 3. g3 {[%emt 00:00:25]} e5 {[%emt 00:00:38]} 4. Nc3 {[%emt
00:00:11]} g6 {[%emt 00:00:33]} 5. Bg2 {[%emt 00:00:15]} Bg7 {[%emt 00:00:11]}
6. O-O {[%emt 00:00:17]} Nge7 {[%emt 00:00:10]} 7. Ne1 {[%emt 00:00:37]} O-O
{[%emt 00:03:28]} 8. Nc2 {[%emt 00:00:14]} a6 {[%emt 00:00:41]} 9. Ne3 {[%emt
00:02:24]} Rb8 {[%emt 00:00:34]} 10. a4 {[%emt 00:03:54]} d6 {[%emt 00:10:26]}
11. d3 {[%emt 00:00:52]} Nb4 {[%emt 00:01:45]} 12. Bd2 {[%emt 00:01:18]} Be6
{[%emt 00:01:00]} 13. Ncd5 {[%emt 00:03:01]} Nbc6 {[%emt 00:06:35]} 1/2-1/2

[Event "XXVIII Torneo Magistral Internacional de Elgoibar"]
[Site "Elgoibar"]
[Date "2018.12.18"]
[Round "9.1"]
[White "Oratovsky, Michael"]
[Black "Huerga Leache, Mikel"]
[Result "1/2-1/2"]
[WhiteTitle "GM"]
[BlackTitle "IM"]
[WhiteFideId "2802090"]
[BlackFideId "2268795"]
[WhiteElo "2464"]
[BlackElo "2448"]

1. e4 {[%emt 15:18:33]} g6 {[%emt 00:05:26]} 2. d4 {[%emt 00:00:12]} Bg7 {[%emt
00:00:05]} 3. Nf3 {[%emt 00:00:21]} d6 {[%emt 00:00:11]} 4. h3 {[%emt
00:01:46]} Nf6 {[%emt 00:00:21]} 5. Nc3 {[%emt 00:00:29]} O-O {[%emt 00:00:08]}
6. Be2 {[%emt 00:00:04]} c6 {[%emt 00:00:23]} 7. a4 {[%emt 00:00:45]} Nfd7
{[%emt 00:01:31]} 8. O-O {[%emt 00:00:25]} b6 {[%emt 00:02:28]} 9. Be3 {[%emt
00:00:26]} Ba6 {[%emt 00:00:16]} 10. Re1 {[%emt 00:00:40]} Bxe2 {[%emt
00:00:22]} 11. Qxe2 {[%emt 00:00:07]} 1/2-1/2

[Event "XXVIII Torneo Magistral Internacional de Elgoibar"]
[Site "Elgoibar"]
[Date "2018.12.18"]
[Round "9.3"]
[White "Moreno Ruiz, Javier"]
[Black "Starostits, Ilmars"]
[Result "1/2-1/2"]
[WhiteTitle "IM"]
[BlackTitle "GM"]
[WhiteFideId "2203146"]
[BlackFideId "11600748"]
[WhiteElo "2450"]
[BlackElo "2458"]

1. d4 {[%emt 13:49:45]} Nf6 {[%emt 00:00:07]} 2. Bf4 {[%emt 00:00:10]} g6
{[%emt 00:00:45]} 3. e3 {[%emt 00:00:22]} Bg7 {[%emt 00:00:06]} 4. Nf3 {[%emt
00:00:18]} O-O {[%emt 00:01:16]} 5. Be2 {[%emt 00:01:03]} b6 {[%emt 00:00:16]}
6. h3 {[%emt 00:00:18]} Bb7 {[%emt 00:00:08]} 7. O-O {[%emt 00:00:40]} c5
{[%emt 00:00:19]} 8. c3 {[%emt 00:00:16]} d6 {[%emt 00:00:20]} 9. Nbd2 {[%emt
00:00:35]} Nbd7 {[%emt 00:00:12]} 10. Bh2 {[%emt 00:00:53]} Rc8 {[%emt
00:00:41]} 11. a4 {[%emt 00:00:17]} a6 {[%emt 00:00:45]} 12. Re1 {[%emt
00:00:53]} 1/2-1/2

[Event "XXVIII Torneo Magistral Internacional de Elgoibar"]
[Site "Elgoibar"]
[Date "2018.12.18"]
[Round "9.5"]
[White "Martinez Fernandez, Adrian"]
[Black "Napoli, Nicolo"]
[Result "1-0"]
[WhiteTitle "FM"]
[BlackTitle "FM"]
[WhiteFideId "32049048"]
[BlackFideId "813702"]
[WhiteElo "2212"]
[BlackElo "2289"]

1. e4 {[%emt 14:42:17]} c6 {[%emt 00:00:08]} 2. d4 {[%emt 00:00:51]} d5 {[%emt
00:00:04]} 3. Nc3 {[%emt 00:02:37]} dxe4 {[%emt 00:00:05]} 4. Nxe4 {[%emt
00:00:09]} Nf6 {[%emt 00:00:02]} 5. Nxf6+ {[%emt 00:00:11]} gxf6 {[%emt
00:00:04]} 6. c3 {[%emt 00:03:20]} Bf5 {[%emt 00:00:32]} 7. Ne2 {[%emt
00:02:54]} h5 {[%emt 00:11:13]} 8. h4 {[%emt 00:08:46]} e6 {[%emt 00:03:34]} 9.
Nf4 {[%emt 00:06:28]} Bg4 {[%emt 00:00:58]} 10. Qb3 {[%emt 00:01:09]} Qb6
{[%emt 00:00:45]} 11. Qxb6 {[%emt 00:02:59]} axb6 {[%emt 00:00:12]} 12. Bd3
{[%emt 00:00:29]} e5 {[%emt 00:01:57]} 13. Ne2 {[%emt 00:00:09]} Nd7 {[%emt
00:01:25]} 14. Be3 {[%emt 00:05:47]} Bd6 {[%emt 00:05:12]} 15. O-O {[%emt
00:03:00]} e4 {[%emt 00:02:39]} 16. Bc4 {[%emt 00:04:13]} b5 {[%emt 00:00:07]}
17. f3 {[%emt 00:03:16]} exf3 {[%emt 00:02:04]} 18. gxf3 {[%emt 00:00:22]} Bh3
{[%emt 00:03:14]} 19. Bb3 {[%emt 00:00:54]} Bxf1 {[%emt 00:00:35]} 20. Rxf1
{[%emt 00:01:41]} Nb6 {[%emt 00:00:28]} 21. Bf4 {[%emt 00:07:01]} Bxf4 {[%emt
00:02:47]} 22. Nxf4 {[%emt 00:00:07]} Nc4 {[%emt 00:00:10]} 23. Rf2 {[%emt
00:02:38]} Kd7 {[%emt 00:02:06]} 24. a4 {[%emt 00:02:22]} Kd6 {[%emt 00:05:11]}
25. Kh2 {[%emt 00:04:08]} Rae8 {[%emt 00:01:15]} 26. axb5 {[%emt 00:05:33]}
cxb5 {[%emt 00:00:05]} 27. Nd3 {[%emt 00:00:30]} b6 {[%emt 00:00:24]} 28. Bc2
{[%emt 00:10:08]} Re3 {[%emt 00:02:33]} 29. Kg3 {[%emt 00:00:13]} Rhe8 {[%emt
00:02:21]} 30. Nf4 {[%emt 00:00:19]} Rg8+ {[%emt 00:01:19]} 31. Kh2 {[%emt
00:06:44]} Rh8 {[%emt 00:13:45]} 32. Be4 {[%emt 00:02:19]} Re1 {[%emt
00:01:33]} 33. Bd5 {[%emt 00:06:58]} Rb1 {[%emt 00:01:44]} 34. b4 {[%emt
00:00:44]} Rb2 {[%emt 00:04:17]} 35. Rxb2 {[%emt 00:00:22]} Nxb2 {[%emt
00:00:02]} 36. Bxf7 {[%emt 00:00:02]} Na4 {[%emt 00:00:18]} 37. c4 {[%emt
00:01:10]} bxc4 {[%emt 00:00:38]} 38. Bxc4 {[%emt 00:00:01]} Nc3 {[%emt
00:00:18]} 39. Bf7 {[%emt 00:01:23]} Nb5 {[%emt 00:01:55]} 40. d5 {[%emt
00:00:12]} Nc7 {[%emt 00:01:44]} 41. Kg3 {[%emt 00:00:28]} Rh7 {[%emt
00:02:22]} 42. Bxh5 {[%emt 00:01:42]} Nxd5 {[%emt 00:02:58]} 43. Nxd5 {[%emt
00:01:22]} Kxd5 {[%emt 00:00:06]} 44. Be8 {[%emt 00:00:05]} Ke5 {[%emt
00:02:23]} 45. f4+ {[%emt 00:02:32]} Kf5 {[%emt 00:03:34]} 46. h5 {[%emt
00:00:50]} Ke6 {[%emt 00:01:57]} 47. Bg6 {[%emt 00:00:33]} Rh8 {[%emt
00:00:27]} 48. Kg4 {[%emt 00:00:14]} b5 {[%emt 00:02:46]} 49. Bd3 {[%emt
00:00:40]} Rg8+ {[%emt 00:00:17]} 50. Bg6 {[%emt 00:01:03]} Rh8 {[%emt
00:02:32]} 51. Bd3 {[%emt 00:00:05]} Rg8+ {[%emt 00:02:36]} 52. Bg6 {[%emt
00:00:05]} Ke7 {[%emt 00:00:33]} 53. Kf5 {[%emt 00:00:33]} Rh8 {[%emt
00:00:15]} 54. Ke4 {[%emt 00:01:33]} Rc8 {[%emt 00:02:18]} 55. h6 {[%emt
00:00:19]} Rc4+ {[%emt 00:00:22]} 56. Kf5 Rxb4 {[%emt 00:01:04]} 57. h7 {[%emt
00:00:30]} 1-0